Motivácia zamestnancov generácie Z diplomová práca

Saved in:
Bibliographic Details
Main Author: Sluková, Gabriela
Corporate Author: Fakulta podnikového manažmentu EU. Katedra manažmentu
Other Authors: Joniaková, Zuzana, 1970-
Format: Book
Language:Slovak
Published: Bratislava 2018
Tags: Add Tag
No Tags, Be the first to tag this record!

MARC

LEADER 00000nbm a2200000 4500
001 0244625
005 20180920131659.6
041 0 |a slo 
044 |a SK 
245 1 0 |a Motivácia zamestnancov generácie Z  |b diplomová práca  |c Gabriela Sluková ; školiteľ: Zuzana Joniaková 
264 1 |a Bratislava  |c 2018 
300 |a 80 s. 
100 1 |a Sluková, Gabriela 
700 1 |a Joniaková, Zuzana, 1970- 
710 2 |a Fakulta podnikového manažmentu EU. Katedra manažmentu